Environmental geochemistry : (Record no. 138572)

MARC details
000 -LEADER
fixed length control field 00923cam a2200277 a 4500
008 - FIXED-LENGTH DATA ELEMENTS--GENERAL INFORMATION
fixed length control field
020 ## - INTERNATIONAL STANDARD BOOK NUMBER
International Standard Book Number 9780444531599 (hbk.)
020 ## - INTERNATIONAL STANDARD BOOK NUMBER
International Standard Book Number 0444531599 (hbk.)
049 ## - LOCAL HOLDINGS (OCLC)
Holding library MAIN
090 ## - LOCALLY ASSIGNED LC-TYPE CALL NUMBER (OCLC); LOCAL CALL NUMBER (RLIN)
Classification number (OCLC) (R) ; Classification number, CALL (RLIN) (NR) QE516.4
Local cutter number (OCLC) ; Book number/undivided call number, CALL (RLIN) ENV
003 - CONTROL NUMBER IDENTIFIER
control field
005 - DATE AND TIME OF LATEST TRANSACTION
control field 20230123125250.0
040 ## - CATALOGING SOURCE
Transcribing agency NUST
245 00 - TITLE STATEMENT
Title Environmental geochemistry :
Remainder of title site characterization, data analysis and case histories /
Statement of responsibility, etc. edited by Benedetto De Vivo, Harvey E. Belkin, Annamaria Lima.
250 ## - EDITION STATEMENT
Edition statement 1st ed.
260 ## - PUBLICATION, DISTRIBUTION, ETC.
Place of publication, distribution, etc. Amsterdam :
Name of publisher, distributor, etc. Elsevier,
Date of publication, distribution, etc. 2008.
300 ## - PHYSICAL DESCRIPTION
Extent xviii, 429 p. :
Other physical details ill. (some col.), maps (some col.) ;
Dimensions 25 cm.
504 ## - BIBLIOGRAPHY, ETC. NOTE
Bibliography, etc. note Includes bibliographical references.
500 ## - GENERAL NOTE
General note Includes index.
650 #0 - SUBJECT ADDED ENTRY--TOPICAL TERM
Topical term or geographic name entry element Environmental geochemistry.
700 1# - ADDED ENTRY--PERSONAL NAME
Personal name De Vivo, Benedetto.
700 1# - ADDED ENTRY--PERSONAL NAME
Personal name Belkin, H.E.
700 1# - ADDED ENTRY--PERSONAL NAME
Personal name Lima, Annamaria.
907 ## - LOCAL DATA ELEMENT G, LDG (RLIN)
a .b10296086
b 18-09-12
c 13-05-11
942 ## - ADDED ENTRY ELEMENTS (KOHA)
Koha item type Ordinary Loan Books
Call number prefix QE516.4
Call number suffix ENV
Holdings
Date last seen Total Checkouts Full call number Barcode Cost, replacement price Price effective from Koha item type Lost status Source of classification or shelving scheme Damaged status Not for loan Collection Withdrawn status Home library Current library Shelving location Date acquired Cost, normal purchase price
01/23/2023 1 QE516.4 ENV 92004022100 80.00 01/23/2023 BOOKS   LCC     NFIC   MAIN MAIN GEN 01/23/2023 80.00